000 00893nmm a2200289 a 4500
001 ocm000576744
003 TR-IsHL
005 20201028115703.0
008 130625s2003 tu tur
007 cr cn
020 _a9789758500109
035 _a576744
_b(N$T)
050 0 4 _aGV837
_b.B69 2003
090 0 4 _aGV837
_b.B69 2003
100 1 _aBozdoğan, Ahmet
245 1 0 _aStilleriyle temel yüzme
_h[electronic resource] /
_cAhmet Bozdoğan ; Ali Özüak
250 _a1. bs.
260 _aİstanbul :
_bİlpress Basım & Yayın,
_c2003
300 _a256 p.
650 4 _aSpor, Seyahat ve Turizm
650 4 _aSports, Travel & Tourism
650 0 _aYüzme
650 0 _aSwimming
650 7 _aSPORTS & RECREATION / Swimming & Diving
_2bisacsh
700 1 _aÖzüak, Ali
856 4 0 _uhttp://search.ebscohost.com/login.aspx?direct=true&scope=site&db=e011xww&AN=576744
999 _c388
_d388